|
|
|
|
| LEADER |
00000nam0a2200000 4500 |
| 001 |
34122 |
| 005 |
20231030223832.0 |
| 035 |
|
|
|a (RuTPU)RU\TPU\book\34500
|
| 035 |
|
|
|a BOOK00001151
|
| 090 |
|
|
|a 34122
|
| 100 |
|
|
|a 20011210d1986 km y0rusy50 ca
|
| 101 |
0 |
|
|a rus
|
| 102 |
|
|
|a UA
|
| 105 |
|
|
|a y z 000zy
|
| 200 |
1 |
|
|a Технология водоочистки на атомных энергетических установках
|f Л. А. Кульский, Э. Б. Страхов, А. М. Волошинова
|
| 210 |
|
|
|a Киев
|c Наукова думка
|d 1986
|
| 215 |
|
|
|a 272 с.
|
| 610 |
1 |
|
|a ядерные реакторы
|
| 610 |
1 |
|
|a физико-химические процессы
|
| 610 |
1 |
|
|a парогенераторы
|
| 610 |
1 |
|
|a атомные электростанции
|
| 610 |
1 |
|
|a вода
|
| 610 |
1 |
|
|a очистка
|
| 610 |
1 |
|
|a водный режим
|
| 675 |
|
|
|a 621.311.25
|v 3
|
| 700 |
|
1 |
|a Кульский
|b Л. А.
|g Леонид Адольфович
|
| 701 |
|
1 |
|a Страхов
|b Э. Б.
|g Эвир Борисович
|
| 701 |
|
1 |
|a Волошинова
|b А. М.
|g Алла Михайловна
|
| 801 |
|
0 |
|a RU
|b 63413507
|c 20011210
|g PSBO
|
| 801 |
|
2 |
|a RU
|b 63413507
|c 20141222
|g PSBO
|
| 900 |
|
|
|a Физико-химические процессы в ЯР и П/Г АЭС
|
| 900 |
|
|
|a Спецкурс 51
|
| 900 |
|
|
|a Методы разделения и очистки веществ
|
| 900 |
|
|
|a Обработка воды на АЭС
|
| 942 |
|
|
|c BK
|